Normal view
MARC view
Entry Personal Name
001 - CONTROL NUMBER
- control field: 76741
003 - CONTROL NUMBER IDENTIFIER
- control field: dpl
005 - DATE AND TIME OF LATEST TRANSACTION
- control field: 20250120121726.0
008 - FIXED-LENGTH DATA ELEMENTS
- fixed length control field: 250120|| aca||aabn | a|a d
040 ## - CATALOGING SOURCE
- Original cataloging agency: dpl
- Transcribing agency: dpl
100 ## - HEADING--PERSONAL NAME
- Personal name: Gupta, Dr. Sunny
670 ## - SOURCE DATA FOUND
- Source citation: Work cat.: (dpl)208594: Gupta, Dr. Sunny, Mr. Detox; The Game Changer of Heath/, 2023
